Größte Orte in Nordrhein-Westfalen A-Z - Statistiken

Allgemein
  • Dieses Quiz wurde 166 mal gespielt
  • Das Durchschnittsergebnis liegt bei 19 aus 24
Antwortstatistiken
Kreis Einwohnerzahl Stadt % Korrekt
D kreisfrei 631.217 Düsseldorf
98%
E kreisfrei 586.608 Essen
98%
A keine Hinweise, das wäre sonst zu einfach 252.769 Aachen
97%
B kreisfrei 366.385 Bochum
96%
K kreisfrei 1.087.353 Köln
96%
G kreisfrei 265.885 Gelsenkirchen
94%
W kreisfrei 358.938 Wuppertal
92%
O kreisfrei 211.099 Oberhausen
89%
H kreisfrei 190.490 Hagen
85%
M kreisfrei 322.904 Münster
84%
P keine Hinweise, das wäre sonst zu einfach 155.749 Paderborn
84%
X Wesel 21.776 Xanten
84%
L kreisfrei 166.414 Leverkusen
80%
N keine Hinweise, das wäre sonst zu einfach 155.163 Neuss
80%
S kreisfrei 161.545 Solingen
80%
I Märkischer 92.404 Iserlohn
77%
R kreisfrei 112.970 Remscheid
70%
U keine Hinweise, das wäre sonst zu einfach 60.223 Unna
70%
C Recklinghausen 74.370 Castrop-Rauxel
66%
J Düren 33.359 Jülich
61%
V Mettmann 82.462 Velbert
58%
T Rhein-Sieg 76.503 Troisdorf
56%
F Rhein-Erft 53.128 Frechen
44%
Z Euskirchen 21.375 Zülpich
42%
Keine übereinstimmenden Quizze gefunden
Verteilung der Resultate
Anzahl Personen mit jedem Resultat
Perzentil nach korrekt beantworteten Fragen
Ihre Resultats-Entwicklung
Sie haben dieses Quiz noch nicht gespielt